Trouve les chaînes YouTube française avec le plus d’abonnés - Statistiques

Statistiques générales
  • Ce quiz a été pris 59 fois
  • Le résultat moyen est 7 sur 100
Statistiques - réponses
Nombre d’abonnés (1 avril 2026) Réponse % Correct
20M SQUEEZIE
93%
26.9M Tibo InShape
91%
10.9M Michou
70%
9.38M Inoxtag
66%
6.98M Mastu
46%
6.86M JOYCA
43%
9.28M Amixem
36%
7.63M Mcfly et Carlito
29%
5.17M Natoo
29%
9.84M Lama Faché
20%
5.83M SEB
18%
4.61M LeBouseuh
14%
6.47M Mister V
14%
10.8M Furious Jumper
13%
4.39M GOTAGA
13%
5.09M Hugoposé
13%
5.98M Unchained
11%
5.21M CYRILmp4
9%
7.46M FastGoodCuisine
9%
5.07M SQUEEZIE GAMING
9%
14.7M GIMS
7%
7.39M Rémi GAILLARD
7%
4.92M Dr Nozman
5%
5.62M Kevin Tran
5%
4.51M L'atelier de Roxane
5%
15.7M Lofi Girl
5%
5.5M MichouOff
5%
4.29M Greg Guillotin
4%
4.02M Le Monde à L'Envers
4%
6.29M Ninho
4%
5.39M Anas
2%
8.28M Aya Nakamura
2%
5.95M Bigorneaux & Coquillages
2%
5.01M Black M
2%
7.84M DADJU
2%
5.06M IbraTV
2%
11.2M Natop Shorts
2%
6.51M PNL
2%
10M PSG - Paris Saint-Germain
2%
11.2M Soolking Officiel
2%
6.99M Swan & Néo
2%
4.04M TheKAIRI78
2%
9.97M Tuvok12
2%
7.04M Unchained_Off
2%
4.8M ARTE
0%
4.89M Berywam
0%
4.08M Binge Society
0%
4.38M Bollywood Mania
0%
5.68M BRICO SYMPA
0%
8.97M Bridon Production LLC
0%
4.41M Charlie Chaplin
0%
5.4M Cheb Bilal
0%
4.16M Christian Dior
0%
8.74M Cinéma Cinémas
0%
4.19M CINE PRIME
0%
5.84M dimerci tv
0%
7.63M DORETDEPLATINE
0%
5.51M Famille Musulmane
0%
4.95M FilmsActu
0%
8.49M FRANCE 24
0%
4.48M FRANCE 24 Arabic
0%
12.1M Grizzy & les Lemmings
0%
4.72M HeyKids
0%
4.99M Investigation
0%
7.31M Julien Cohen
0%
4.25M Kamilla Family
0%
7.51M KIDIBLI
0%
10.8M Kidi Fun
0%
4.26M La Fouine
0%
8.63M L'Algerino
0%
5.47M Lartiste
0%
4.52M LE FOOT EN VIDÉO
0%
5.68M Le Monde de Little Angel Français
0%
3.97M Les Parodie Bros
0%
4.35M Like Nastya
0%
4.54M Marwa Loud
0%
11.8M Masha et Michka
0%
4M MatiFamily Officiel
0%
4.74M MAX OLIVEE
0%
12.1M Mayamystic
0%
4.99M Mhd Officiel
0%
4.34M Mok Saib
0%
6.56M Niska Officiel
0%
4.21M Peppa Pig Français
0%
4.22M Pinaki Bhattacharya
0%
5.83M ProviSound
0%
4.21M Renard
0%
6.46M Sarah Lezito
0%
4.94M Simple Creative
0%
4.54M Skyprods Officiel
0%
7.09M SkyrockFM
0%
4.87M Soprano Officiel
0%
7.55M SYMPA
0%
7.57M Titounis
0%
3.95M Ubisoft
0%
8.32M Van
0%
7.83M VLOG
0%
4.98M WB Kids
0%
4.05M XILAM TV
0%
4.67M YoTips
0%
Aucun quiz correspondant
Distribution des résultats
% des personnes avec chaque résultat
Percentile par nombre de réponses
Votre historique - résultats
Vous n’avez pas pris ce quiz